000 00768nam a22002057a 4500
999 _c176396
_d176396
005 20201217161027.0
010 _aENG-128698
020 _a978-93-534-3786-2
_c415.00
035 _aEN-112230
037 _bDBAD/PUB
082 _a425
100 _aAzar, Betty S.
245 _aBasic English Grammer/
_cBetty S. Azar and Stacy A.Hagen
250 _a4th
260 _aUttar Pradesh
_bPearson India Education Services Pvt. Ltd.
_c2019
270 _bUttar Pradesh
_e201301
_a15th Floor, Tower-B, World Trade Tower, Plot No.- 1, Block-C, Sector-16, Noida
_mcompanysecretary.india@pearson.com
_k044-66540100
300 _axii+510p..
_c25cm(pbk)
_bIncluding, Tables, Illustrations and Index.
700 _aHagen, Stacy A.
942 _2ddc
_cEN
_h425
_mAZA